Men of the star
| Main Author: | |
|---|---|
| Format: | Book |
| Published: |
New York :
Gallery Books ,
1986
|
| Subjects: |
MARC
| LEADER | 00000cam a2200000 7i4500 | ||
|---|---|---|---|
| 001 | 0000000439 | ||
| 002 | 000000517 | ||
| 005 | 20000330.0 | ||
| 020 | |a 0831758155 | ||
| 090 | 0 | 0 | |a 520.92 |b MOO |
| 100 | 1 | |a Moore, Patrick | |
| 245 | 1 | 0 | |a Men of the star |c Patrick Moore |
| 260 | |a New York : |b Gallery Books , |c 1986 | ||
| 300 | |a 120p. : |b ill ; |c 28cm. | ||
| 650 | 0 | 0 | |a Astronomy |
| 999 | |a 0015607 |b BUKU |c RUJUKAN |e PERPUSTAKAAN KOMUNITI PETALING JAYA | ||